ՀՀ Գիտությունների ազգային ակադեմիայի հիմնարար գիտական գրադարան  =   Fundamental Scientific Library of NAS RA

Վարդանանց պատերազմը / (Record no. 111042)

MARC details
000 -LEADER
fixed length control field 00708nam a2200205 a 4500
001 - CONTROL NUMBER
control field 000301564
003 - CONTROL NUMBER IDENTIFIER
control field AM-YeHGA
005 - DATE AND TIME OF LATEST TRANSACTION
control field 20250618071937.0
008 - FIXED-LENGTH DATA ELEMENTS--GENERAL INFORMATION
fixed length control field 040120s1910 aj |||||||||||||||1|arm|d
040 ## - CATALOGING SOURCE
Original cataloging agency AM-YeHGA
041 0# - LANGUAGE CODE
Language code of text/sound track or separate title arm
090 ## - LOCALLY ASSIGNED LC-TYPE CALL NUMBER (OCLC); LOCAL CALL NUMBER (RLIN)
-- 112379
100 1# - MAIN ENTRY--PERSONAL NAME
Personal name Փափազյան, Վրթանես Մեսրոպի,
Dates associated with a name 1866-1920
9 (RLIN) 1606
245 10 - TITLE STATEMENT
Title Վարդանանց պատերազմը /
Statement of responsibility, etc. Վ. Փափազեան.
260 ## - PUBLICATION, DISTRIBUTION, ETC.
Place of publication, distribution, etc. Բագու :
Name of publisher, distributor, etc. տպ. Բագու :
-- Բ.Հ. Կուլտ. միութ. հրատ.,
Date of publication, distribution, etc. 1910.
300 ## - PHYSICAL DESCRIPTION
Extent 100 էջ ;
Dimensions 19 սմ.
440 #0 - SERIES STATEMENT/ADDED ENTRY--TITLE
Title Դրւագ հայոց պատմութիւնից
Volume/sequential designation թիւ 5-6
650 14 - SUBJECT ADDED ENTRY--TOPICAL TERM
Topical term or geographic name entry element Հայ գրականություն
General subdivision Վիպակ
942 ## - ADDED ENTRY ELEMENTS (KOHA)
Source of classification or shelving scheme Universal Decimal Classification
Koha item type Գրքեր / Books
Holdings
Withdrawn status Lost status Damaged status Not for loan Collection Home library Current library Date acquired Total checkouts Full call number Barcode Date last seen Price effective from Koha item type Public note
        General Fundamental Scientific Library Fundamental Scientific Library 22/12/2016   AI/16837 FL0058494 22/12/2016 22/12/2016 Գրքեր / Books 30 Days Loan
        General Fundamental Scientific Library Fundamental Scientific Library 22/12/2016   AI/6949 FL0043259 22/12/2016 22/12/2016 Գրքեր / Books 30 Days Loan


ՀՀ ԳԱԱ հիմնարար գիտական գրադարան
ՀՀ,Երևան 0019
Մարշալ Բաղրամյան 24/6
հեռախոս:(374-10) 52-47-50
Հետադարձ կապ

All site content, except where otherwise noted, is licensed under a
Creative Commons License